Les betes, ces inconnues.

Bibliographic Details
Main Author: Eparvier, Jean
Format: Book
Language:French
Published: Paris : R. Julliard, [1952]
Subjects:

MARC

Tag First Indicator Second Indicator Subfields
LEADER 00000cam a2200000 4500
001 in00000046927
005 20151007075505.0
008 800613s1952 fr a 00000 fre d
035 |a (OCoLC)06418874 
035 |9 AAF3302AM 
040 |a TXA  |c TXA  |d UtOrBLW 
049 |a TXAM  |c [218961] 
090 |a QL751  |b .E73 1952 
092 |a 591.5  |b E63b 
100 1 |a Eparvier, Jean. 
245 1 4 |a Les betes, ces inconnues. 
264 1 |a Paris :  |b R. Julliard,  |c [1952] 
264 4 |c [©1952] 
300 |a 251 pages :  |b illustrations 
336 |a text  |b txt  |2 rdacontent 
337 |a unmediated  |b n  |2 rdamedia 
338 |a volume  |b nc  |2 rdacarrier 
650 0 |a Animal behavior. 
999 |a MARS 
999 f f |s 6a3c6749-f281-3394-8a68-d2ca5787e89d  |i 0fdea4ae-1395-3d77-b654-965d8b24281f  |t 0 
952 f f |p ric  |a Texas A&M University  |b Rellis Campus  |c Joint Library Facility  |d Remote Storage  |t 0  |e QL751 .E73 1952  |h Library of Congress classification  |i unmediated -- volume  |m A14801007418 
998 f f |a QL751 .E73 1952  |t 0  |l Remote Storage